003820000a22001450004500020001800000060000800018082001900026100001800045100002000063245004400083260004500127260000900172300000800181650004700189 a0 7069 0764 7 a100 a582.130 12 PRI aPriti, Shukla aShital, P Misra aIntroduction to taxanomy of angiosperms aNewdelhi, Vikas Publishing House Pvt Ltd c1979 a546 aTaxonomy- angiosperms/ Angiosperm-taxanomy